Marketing pre projekty

Gespeichert in:
Bibliographische Detailangaben
1. Verfasser: Filo, Peter
Körperschaft: Ekonomická univerzita v Bratislave. Obchodná fakulta
Format: Buch
Sprache:Slowakisch
Veröffentlicht: Bratislava Vydavateľstvo EKONÓM 2010
Schlagworte:
Tags: Tag hinzufügen
Keine Tags, Fügen Sie das erste Tag hinzu!

MARC

LEADER 00000nam a2200000 4500
001 0117927
005 20240502072323.1
020 |a 978-80-225-3005-7 
041 0 |a slo 
044 |a SK 
245 1 0 |a Marketing pre projekty  |c Peter Filo 
264 1 |a Bratislava  |b Vydavateľstvo EKONÓM  |c 2010 
300 |a 96 s. [5,755 AH] 
610 2 0 |a marketing projektový 
610 2 0 |a projekty 
610 2 0 |a financovanie projektové 
610 2 0 |a komunikácia marketingová 
100 1 |a Filo, Peter 
710 2 |a Ekonomická univerzita v Bratislave. Obchodná fakulta